Largest Cities in Europe Beginning With 'H' - Statistics

General Stats
  • This quiz has been taken 409 times
  • The average score is 7 of 19
Answer Stats
# Population Country Answer % Correct
1 2,900,000 Germany Hamburg
99%
2 1,510,000 Finland Helsinki
99%
3 1,150,000 Germany Hanover
86%
4 803,835 Netherlands The Hague
85%
15 159,245 Germany Heidelberg
44%
10 204,560 Netherlands Haarlem
42%
8 316,500 Germany Halle-Merseburg
29%
17 150,109 Sweden Helsingborg
26%
18 141,692 United Kingdom Huddersfield
26%
16 153,476 Spain Huelva
26%
12 179,238 Germany Hamm
22%
11 188,713 Germany Hagen
18%
6 357,510 Belarus Hrodna
17%
7 333,200 Germany Heilbronn
15%
14 169,264 Belgium Hasselt
12%
19 139,111 United Kingdom Hastings
11%
5 507,795 Belarus Homiel
10%
9 239,828 Ukraine Horlivka
8%
13 169,560 Netherlands Heerlen
7%
No matching quizzes found
Score Distribution
Percent of People with Each Score
Percentile by Number Answered
Your Score History
You have not taken this quiz